000 00986nam a2200265 i 4500
001 14602
003 ES-MaACL
005 20231218195838.0
007 t|
008 990429s1998 sp ||||1|dspa d
020 _a84-03-59503-4
080 _a929:821.134.2"19"(089.3)
080 _a929(460)"19"
100 1 _aCarabias, Josefina,
_d1908-1980
_934924
245 1 0 _aComo yo los he visto
_b: encuentros con Valle-Inclán, Unamuno, Baroja, Marañón, Pastora Imperio, Ramiro de Maeztu y Belmonte /
_cJosefina Carabias ; prólogo de Victoria Prego.
260 _aMadrid :
_bEl País :
_bAguilar,
_c[1998]
300 _a223 p. ;
_c24 cm.
599 _aEn cub.: fot. de Valle-Inclán con Josefina Carabias.
650 0 4 _aGeneración del 98 (Literatura)
_913051
650 4 _aEscritores españoles-
_yS.XX-
_xAnécdotas.
_9154127
650 0 4 _aEspañoles-
_yS.XX-
_xBiografías.
_912480
700 1 _aPrego, Victoria.
_993746
852 _aES-MaACL
_jL-21814
999 _c14602
_d14602